[Event "Chania Theodorakis Memorial 2nd"]
[Site "Chania"]
[Date "2023.04.21"]
[Round "7"]
[White "Alexakis, Dimitris"]
[Black "Tetepoulidis, Ioannis"]
[Result "1-0"]
[WhiteElo "2436"]
[BlackElo "2082"]
[PlyCount "85"]
[EventDate "2023.04.17"]
[EventType "swiss"]
[EventRounds "9"]
[EventCountry "GRE"]
[SourceTitle "EXT 2024"]
[Source "ChessBase"]
[SourceDate "2023.10.10"]
[SourceVersion "1"]
[SourceVersionDate "2023.10.10"]
[SourceQuality "1"]

1. e4 d5 2. exd5 Qxd5 3. Nc3 Qd6 4. d4 Nf6 5. Nf3 c6 6. g3 Bg4 7. Bg2 e6 8. h3 Bxf3 9. Bxf3 Qc7 10. 0-0 Nbd7 11. Rb1 a5 12. Re1 Bd6 13. d5 cxd5 14. Nxd5 Nxd5 15. Qxd5 Bxg3 16. Qxb7 Bh2+ 17. Kf1 Rc8 18. Qxc7 Bxc7 19. Rd1 Ne5 20. Be2 f5 21. b3 0-0 22. Bb2 Rfd8 23. Re1 Kf7 24. Rbd1 Ng6 25. Bc4 Nf4 26. Bc1 Nd5 27. Bg5 Rd7 28. Bb5 Rd6 29. c4 Nb6 30. c5 Rxd1 31. Rxd1 Nd5 32. Bd7 Rb8 33. Re1 Nf4 34. Bxf4 Bxf4 35. Bxe6+ Kf6 36. Bd7 h5 37. Re6+ Kg5 38. Ra6 Rb4 39. Rxa5 Rd4 40. c6 g6 41. Ra4 Rd1+ 42. Kg2 Rc1 43. h4+ 1-0

[Event "Thessaloniki/Chalkidiki-chT"]
[Site "Thessaloniki/Chalkidiki"]
[Date "2019.03.03"]
[Round "7.2"]
[White "Samaridis, Konstantinos"]
[Black "Tetepoulidis, Ioannis"]
[Result "1/2-1/2"]
[WhiteElo "2076"]
[BlackElo "2108"]
[PlyCount "155"]
[EventDate "2019.01.13"]
[EventType "team-tourn"]
[EventRounds "9"]
[EventCountry "GRE"]
[SourceTitle "EXT 2020"]
[Source "ChessBase"]
[SourceDate "2019.10.17"]
[SourceVersion "1"]
[SourceVersionDate "2019.10.17"]
[SourceQuality "1"]
[WhiteTeam "Thessaloniki SO Sach"]
[BlackTeam "Polichnis"]
[WhiteTeamCountry "GRE"]
[BlackTeamCountry "GRE"]

1. d4 Nf6 2. c4 c5 3. e3 g6 4. Nf3 Bg7 5. Be2 0-0 6. 0-0 b6 7. Nc3 cxd4 8. exd4 Bb7 9. h3 d5 10. Be3 Nc6 11. b3 Rc8 12. Rc1 e6 13. Qd2 Ne4 14. Qd1 Qd7 15. cxd5 exd5 16. Bb5 a6 17. Bxc6 Rxc6 18. Nxe4 Rxc1 19. Qxc1 dxe4 20. Ne5 Qc8 21. Qxc8 Rxc8 22. Nc4 Rd8 23. Nxb6 Bxd4 24. Bxd4 Rxd4 25. Rc1 Rd2 26. a3 e3 27. f3 e2 28. Re1 Rb2 29. b4 Bc6 30. Kf2 Bb5 31. a4 Bd3 32. Ke3 Rb3 33. Kd2 Bf5 34. Kxe2 Rxb4 35. a5 Rb2+ 36. Kf1 Bd3+ 37. Kg1 Ra2 38. Re5 Bb5 39. Nc8 Rxa5 40. Nd6 Kf8 41. Kh2 Ra2 42. Nxb5 Ra5 43. Rc5 Rxb5 44. Rc7 a5 45. Ra7 h5 46. h4 Kg7 47. Ra6 Kf8 48. Ra7 Ke8 49. Kh3 Rf5 50. Kh2 Kf8 51. Kg3 Kg7 52. Ra6 g5 53. hxg5 Rxg5+ 54. Kh3 Rb5 55. g4 hxg4+ 56. Kxg4 Rb4+ 57. f4 Ra4 58. Kg5 Ra1 59. Kf5 a4 60. Ra8 a3 61. Ra7 a2 62. Ra8 Kh7 63. Kf6 Rf1 64. Rxa2 Rxf4+ 65. Kg5 Rf1 66. Ra6 Kg7 67. Kg4 f6 68. Ra4 Kg6 69. Rf4 Rg1+ 70. Kf3 Kg5 71. Ra4 Rf1+ 72. Kg3 f5 73. Kg2 Rb1 74. Kf3 Rb3+ 75. Kf2 f4 76. Ra8 Rb2+ 77. Kf3 Rb3+ 78. Kf2 1/2-1/2

[Event "White Tower rapid op"]
[Site "Thessaloniki"]
[Date "2017.12.30"]
[Round "7"]
[White "Tetepoulidis, Ioannis"]
[Black "Lazov, Toni"]
[Result "0-1"]
[WhiteElo "1825"]
[BlackElo "2192"]
[PlyCount "98"]
[EventDate "2017.12.28"]
[EventType "swiss (rapid)"]
[EventRounds "9"]
[EventCountry "GRE"]
[SourceTitle "CBM 182 Extra"]
[Source "ChessBase"]
[SourceDate "2018.02.23"]
[SourceVersion "1"]
[SourceVersionDate "2018.02.23"]
[SourceQuality "1"]

1. e4 c5 2. c4 Nc6 3. Nc3 g6 4. g3 Bg7 5. Bg2 d6 6. Nge2 h5 7. h4 e6 8. d3 Nge7 9. Be3 Nd4 10. Rb1 Nec6 11. a3 a5 12. 0-0 0-0 13. Bg5 Qd7 14. Nxd4 Nxd4 15. Ne2 a4 16. Nxd4 Bxd4 17. Be3 Bg7 18. d4 Qc7 19. dxc5 dxc5 20. Qc2 Bd7 21. Rbd1 b6 22. Bf4 e5 23. Be3 Be6 24. Rd2 Rfb8 25. Rfd1 Bf8 26. Bf1 Be7 27. f3 Rf8 28. Bh6 Rfe8 29. Be3 f6 30. Be2 Kf7 31. f4 exf4 32. Bxf4 Qa7 33. e5 Rad8 34. Bxh5 Bf5 35. e6+ Kg7 36. Rxd8 Rxd8 37. Rxd8 Bxc2 38. Rd7 Qa5 39. Bd2 Qa6 40. Rxe7+ Kf8 41. Rf7+ Ke8 42. Bxg6 Bxg6 43. Rxf6 Be4 44. e7 Kxe7 45. Bg5 Kd7 46. Bf4 Qxc4 47. Rd6+ Ke7 48. Rxb6 Qe2 49. Bg5+ Kd7 0-1

[Event "Thessaloniki Triandria op 10th"]
[Site "Thessaloniki"]
[Date "2017.04.20"]
[Round "5"]
[White "Georgakopoulos, Nikolaos"]
[Black "Tetepoulidis, Ioannis"]
[Result "1-0"]
[WhiteElo "2350"]
[BlackElo "2068"]
[PlyCount "73"]
[EventDate "2017.04.17"]
[EventType "swiss"]
[EventRounds "9"]
[EventCountry "GRE"]
[SourceTitle "CBM 178 Extra"]
[Source "ChessBase"]
[SourceDate "2017.06.22"]
[SourceVersion "1"]
[SourceVersionDate "2017.06.22"]
[SourceQuality "1"]

1. e4 d6 2. d4 Nf6 3. Nc3 c6 4. Nf3 Bg4 5. h3 Bh5 6. Qe2 e6 7. g4 Bg6 8. h4 h5 9. g5 Nfd7 10. Bf4 Be7 11. Bh2 0-0 12. Qe3 d5 13. Bd3 Re8 14. exd5 exd5 15. Bxg6 fxg6 16. 0-0-0 Bd6 17. Qd3 Bxh2 18. Rxh2 Nf8 19. Ne5 Qd6 20. f4 Nbd7 21. Rf2 Rad8 22. Kb1 Qe6 23. Ne2 Qf5 24. Qe3 Nxe5 25. fxe5 Qe4 26. Qxe4 dxe4 27. Kc1 Ne6 28. c3 Rf8 29. Rdf1 Rxf2 30. Rxf2 c5 31. Kd2 cxd4 32. cxd4 Nc5 33. Ke3 Nd3 34. Rf1 Nxb2 35. Rc1 Kf7 36. Nf4 Ke7 37. Kxe4 1-0

[Event "Nea Moudania op 2nd"]
[Site "Nea Moudania"]
[Date "2016.08.29"]
[Round "8"]
[White "Papasimakopoulos, Alexandros"]
[Black "Tetepoulidis, Ioannis"]
[Result "0-1"]
[WhiteElo "2194"]
[BlackElo "2067"]
[PlyCount "40"]
[EventDate "2016.08.22"]
[EventType "swiss"]
[EventRounds "9"]
[EventCountry "GRE"]
[SourceTitle "CBM 174 Extra"]
[Source "ChessBase"]
[SourceDate "2016.10.10"]
[SourceVersion "1"]
[SourceVersionDate "2016.10.10"]
[SourceQuality "1"]

1. d4 d6 2. c4 e5 3. Nc3 exd4 4. Qxd4 Nf6 5. b3 Nc6 6. Qd2 Be6 7. e4 a5 8. Bd3 a4 9. Nxa4 d5 10. cxd5 Rxa4 11. Kf1 Rd4 12. Nf3 Nxe4 13. Qe2 Nc3 14. Nxd4 Nxe2 15. Nxe6 fxe6 16. Bxe2 Qf6 17. Rb1 Bc5 18. f3 Qd4 19. Ke1 Qf2+ 20. Kd2 Nd4 0-1

[Event "Heraklion Gazi op 12th"]
[Site "Malevizi"]
[Date "2016.08.05"]
[Round "9"]
[White "Anagnostopoulos, Konstantinos"]
[Black "Tetepoulidis, Ioannis"]
[Result "1-0"]
[WhiteElo "2250"]
[BlackElo "2067"]
[PlyCount "81"]
[EventDate "2016.07.28"]
[EventType "swiss"]
[EventRounds "9"]
[EventCountry "GRE"]
[SourceTitle "CBM 173 Extra"]
[Source "ChessBase"]
[SourceDate "2016.08.29"]
[SourceVersion "1"]
[SourceVersionDate "2016.08.29"]
[SourceQuality "1"]

1. d4 d6 2. Nf3 Bg4 3. e4 Nf6 4. Nc3 c6 5. h3 Bh5 6. Qe2 e6 7. g4 Bg6 8. h4 h6 9. h5 Bh7 10. g5 hxg5 11. Nxg5 Bg8 12. e5 Nfd7 13. Bf4 d5 14. 0-0-0 Qa5 15. Kb1 b5 16. Qg4 Nb6 17. Bc1 Na6 18. f4 Nc7 19. f5 b4 20. Ne2 Na4 21. Rh3 Rb8 22. fxe6 fxe6 23. b3 c5 24. dxc5 Nxc5 25. Nf4 Rh6 26. Ng6 Be7 27. Nf3 Ne4 28. Nd4 Nf2 29. Qf3 Nxd1 30. Qxd1 Qb6 31. Nxe7 Kxe7 32. Be3 Qb7 33. Qg4 Rh7 34. Bd3 Rf8 35. Bxh7 Rf1+ 36. Kb2 Qa6 37. a4 bxa3+ 38. Ka2 Bxh7 39. Qxg7+ Rf7 40. Bg5+ Ke8 41. Qh8+ 1-0

[Event "Paleochora op 7th"]
[Site "Paleochora"]
[Date "2014.07.22"]
[Round "3"]
[White "Mihajlov, Svetoslav"]
[Black "Tetepoulidis, Ioannis"]
[Result "1-0"]
[WhiteElo "2154"]
[BlackElo "1736"]
[PlyCount "121"]
[EventDate "2014.07.21"]
[EventType "swiss"]
[EventRounds "9"]
[EventCountry "GRE"]
[SourceTitle "CBM 161 Extra"]
[Source "ChessBase"]
[SourceDate "2014.08.29"]
[SourceVersion "1"]
[SourceVersionDate "2014.08.29"]
[SourceQuality "1"]

1. e4 e6 2. d4 d5 3. Nd2 dxe4 4. Nxe4 Nd7 5. Nf3 Ngf6 6. Nxf6+ Nxf6 7. Bd3 Be7 8. 0-0 0-0 9. Qe2 c5 10. dxc5 Bxc5 11. Bg5 Be7 12. Rad1 Qc7 13. c4 Rd8 14. Ne5 Bd7 15. Bxf6 Bxf6 16. Bxh7+ Kf8 17. Ng4 Be7 18. Bb1 Bc6 19. Ne5 Bf6 20. f4 Rxd1 21. Rxd1 Rd8 22. Nd3 Qb6+ 23. Kh1 Qd4 24. b3 Qe4 25. Qxe4 Bxe4 26. Kg1 Bd4+ 27. Kf1 Ke7 28. Bc2 Be3 29. g3 Bf3 30. Rb1 Rh8 31. h4 Rd8 32. Re1 Bd2 33. Rb1 Be3 34. b4 f6 35. Rb3 Be4 36. Nc5 Bxc2 37. Rxe3 Bf5 38. Nxe6 Bxe6 39. f5 Rd4 40. Rxe6+ Kd7 41. Re3 Rxc4 42. a3 Rc2 43. Kg1 Rd2 44. Re4 Kd8 45. Rg4 Rd7 46. a4 Ke8 47. Kf2 Kf7 48. Rc4 a6 49. Kf3 g6 50. fxg6+ Kxg6 51. a5 Rd5 52. g4 Rb5 53. h5+ Kg7 54. Kf4 Kh6 55. Rd4 Kg7 56. Kg3 Kh6 57. Kh4 Kg7 58. Rd7+ Kf8 59. h6 Kg8 60. Rg7+ Kf8 61. Rg6 1-0

[Event "GRE-ch U18"]
[Site "Thessaloniki"]
[Date "2014.01.03"]
[Round "3"]
[White "Poulopoulos, Ioannis"]
[Black "Tetepoulidis, Ioannis"]
[Result "1-0"]
[WhiteElo "2112"]
[BlackElo "1694"]
[PlyCount "43"]
[EventDate "2014.01.02"]
[EventType "swiss"]
[EventRounds "9"]
[EventCountry "GRE"]
[SourceTitle "EXT 2017"]
[Source "ChessBase"]
[SourceDate "2016.10.25"]
[SourceVersion "1"]
[SourceVersionDate "2016.10.25"]
[SourceQuality "1"]

1. d4 Nf6 2. Nf3 c5 3. d5 b5 4. Bg5 Ne4 5. Bh4 Qa5+ 6. Nbd2 Nxd2 7. Nxd2 Bb7 8. e4 d6 9. a4 b4 10. Bb5+ Nd7 11. 0-0 Qc7 12. Nc4 0-0-0 13. a5 Nf6 14. a6 Ba8 15. Bxf6 gxf6 16. c3 bxc3 17. bxc3 e6 18. Na5 Qb6 19. Bc6 Kc7 20. Nc4 Qb8 21. Qa4 exd5 22. exd5 1-0

[Event "GRE-chT 41st"]
[Site "Achaia"]
[Date "2013.07.07"]
[Round "7.9"]
[White "Tetepoulidis, Ioannis"]
[Black "Kalofonos, Panayotis"]
[Result "1/2-1/2"]
[WhiteElo "1625"]
[BlackElo "1902"]
[PlyCount "102"]
[EventDate "2013.07.02"]
[EventType "team-swiss"]
[EventRounds "7"]
[EventCountry "GRE"]
[SourceTitle "CBM 155 Extra"]
[Source "ChessBase"]
[SourceDate "2013.08.26"]
[SourceVersion "1"]
[SourceVersionDate "2013.08.26"]
[SourceQuality "1"]
[WhiteTeam "Polichnis"]
[BlackTeam "Egaleo CN"]
[WhiteTeamCountry "GRE"]
[BlackTeamCountry "GRE"]

1. e4 c5 2. Nc3 Nc6 3. f4 e6 4. Nf3 d5 5. Bb5 a6 6. Bxc6+ bxc6 7. d3 Nf6 8. 0-0 Be7 9. h3 a5 10. g4 dxe4 11. dxe4 Ba6 12. Qxd8+ Rxd8 13. Re1 Nd7 14. Be3 f6 15. Rad1 Kf7 16. e5 h5 17. b3 hxg4 18. hxg4 fxe5 19. Rxd7 Rxd7 20. Nxe5+ Ke8 21. Nxd7 Kxd7 22. Kg2 c4 23. Ne4 cxb3 24. axb3 a4 25. bxa4 Bc4 26. g5 Bd5 27. Bd2 Rb8 28. Kg3 Rb2 29. Bc3 Bb4 30. Bxb2 Bxe1+ 31. Kf3 g6 32. Bc1 Bc3 33. Ke3 Bxe4 34. Kxe4 Kc7 35. Kd3 Bb4 36. Bd2 Be7 37. Kc4 Bd6 38. Be3 Kb7 39. Kb3 Ka6 40. c4 c5 41. Bd2 Bc7 42. Kc2 Bd6 43. Kd3 Bc7 44. Ke4 Bd6 45. Bc3 Kb6 46. Be5 Bf8 47. Bf6 Bd6 48. Bd8+ Ka6 49. Bf6 Kb7 50. Be5 Bf8 51. Kd3 Ka6 1/2-1/2

[Event "GRE-chT 40th"]
[Site "Achaia"]
[Date "2012.07.05"]
[Round "7.7"]
[White "Tetepoulidis, Ioannis"]
[Black "Hatzoudis, Gerasimos"]
[Result "0-1"]
[WhiteElo "1613"]
[BlackElo "1837"]
[PlyCount "90"]
[EventDate "2012.06.30"]
[EventType "team-swiss"]
[EventRounds "7"]
[EventCountry "GRE"]
[SourceTitle "CBM 149 Extra"]
[Source "ChessBase"]
[SourceDate "2012.08.24"]
[SourceVersion "1"]
[SourceVersionDate "2012.08.24"]
[SourceQuality "1"]
[WhiteTeam "Polichnis"]
[BlackTeam "Spring Chess"]
[WhiteTeamCountry "GRE"]
[BlackTeamCountry "GRE"]

1. e4 c5 2. c4 d6 3. Nc3 Nc6 4. g3 g6 5. Bg2 Bg7 6. Nge2 e6 7. 0-0 Nge7 8. d3 0-0 9. Rb1 b6 10. b3 Bb7 11. Bb2 a6 12. f4 f5 13. Qd2 Qc7 14. Rfe1 Rae8 15. Rbd1 Nd4 16. Kh1 Bc6 17. Nxd4 cxd4 18. Ne2 e5 19. Ba3 Rf7 20. Rf1 Qb7 21. Qc2 fxe4 22. dxe4 Nf5 23. Bc1 exf4 24. Nxf4 Bxe4 25. Bxe4 Qxe4+ 26. Qxe4 Rxe4 27. Nd5 b5 28. cxb5 axb5 29. Bf4 Be5 30. Bg5 h6 31. Bd8 Ne3 32. Rxf7 Kxf7 33. Re1 Ke6 34. Nb4 Ng4 35. Rf1 Re2 36. a4 Rxh2+ 37. Kg1 bxa4 38. bxa4 Rb2 39. Nd3 Rb3 40. Rd1 Ne3 41. Rd2 Bxg3 42. Nb2 Ra3 43. a5 Ra1+ 44. Nd1 Nxd1 45. Kg2 Be5 0-1

[Event "GRE-ch U16"]
[Site "Rio Achaia"]
[Date "2012.06.24"]
[Round "1.9"]
[White "Tetepoulidis, Ioannis"]
[Black "Papasimakopoulos, Alexandros"]
[Result "0-1"]
[WhiteElo "1613"]
[BlackElo "2045"]
[PlyCount "52"]
[EventDate "2012.06.24"]
[EventType "swiss"]
[EventRounds "6"]
[EventCountry "GRE"]
[SourceTitle "EXT 2024"]
[Source "ChessBase"]
[SourceDate "2023.10.10"]
[SourceVersion "1"]
[SourceVersionDate "2023.10.10"]
[SourceQuality "1"]

1. e4 e6 2. d4 d5 3. e5 c5 4. c3 Nc6 5. Nf3 Bd7 6. Be2 f6 7. exf6 Nxf6 8. 0-0 Bd6 9. Nbd2 0-0 10. b3 e5 11. dxe5 Nxe5 12. Bb2 Ng6 13. Nc4 Bf4 14. Ncd2 Qc7 15. Qc2 Rae8 16. Bd3 Ng4 17. h3 Bxd2 18. hxg4 Bf4 19. Bxg6 hxg6 20. Qxg6 Re6 21. Qc2 Rh6 22. Bc1 Bxg4 23. Bxf4 Qxf4 24. Qd2 Bxf3 25. Qxf4 Rxf4 26. gxf3 Rg6+ 0-1